KOHA-Header-6

Complete Guide to Credit And Collection Law (Record no. 6224)

000 -LEADER
fixed length control field 00284nam a2200109Ia 4500
100 ## - MAIN ENTRY--AUTHOR NAME
Personal name Arthur Winston
245 #0 - TITLE STATEMENT
Title Complete Guide to Credit And Collection Law
260 ## - PUBLICATION, DISTRIBUTION, ETC. (IMPRINT)
Place of publication U.K.
Name of publisher Dorling Kindersley
Year of publication 1996
300 ## - PHYSICAL DESCRIPTION
Number of Pages 692
942 ## - ADDED ENTRY ELEMENTS (KOHA)
Koha item type Books
Holdings
Withdrawn status Lost status Collection code Permanent Location Current Location Shelving location Date acquired Full call number Accession Number Koha item type
    Law MAJU MAJU Shelf No.A46 2019-09-07 910.9 647 Law

Powered by Koha